Cartas del Cabildo de Santo domingo en el siglo XVII / (Registro nro. 14263)

Detalles MARC
000 -LIDER
fixed length control field 01419nam a2200337 a 4500
001 - NÚMERO DE CONTROL
Identificador de número de control
003 - IDENTIFICACDOR DE NÚMERO DE CONTROL
control field DO-SdBNP
005 - DATE AND TIME OF LATEST TRANSACTION
control field 20220916113710.0
008 - ELEMENTOS DE LONGITUD FIJA
fixed length control field 081204s2007 dr 001 0 spa d
020 ## - ISBN
International Standard Book Number 9789945020212
040 ## - FUENTE DE CATALOGACIÓN
Agencia que crea de manera original el registro DO-SdBNP
Idioma de catalogación spa
Agencia que realiza la transcripción BPMSU
082 ## - NÚMERO DE CLASIFICACIÓN DECIMAL DE DEWEY
Classification number 972.9302
Item number C322c 2007
Edition number 22
245 00 - MENCIÓN DE TITULO
Título Cartas del Cabildo de Santo domingo en el siglo XVII /
Mención de responsabilidad compilador Genaro Rodríguez Morel.
260 ## - PUBLICACIÓN, DISTRIBUCIÓN, ETC. (PIE DE IMPRENTA)
Lugar de publicación, distribución, etc Santo Domingo :
Nombre del editor, distribuidor, etc. Archivo General de la Nación,
Fecha de publicación, distribución, etc 2007
300 ## - DESCRIPCIÓN FÍSICA
Extensión 440 p. ;
Dimensiones 25 cm.
490 0# - MENCIÓN DE SERIES
Mención de serie Archivo General de la Nación,
Volume/sequential designation 34
490 0# - MENCIÓN DE SERIES
Mención de serie Academia Dominicana de la Historia
Volume/sequential designation 30
500 ## - NOTA GENERAL
Nota general Incluye índices
500 ## - NOTA GENERAL
Nota general Incluye referencias bibliográficas y notas al pie de las páginas
590 ## - NOTA LOCAL
Enlace Inventariado, 2022/VM
610 14 - ENCABEZAMIENTO DE MATERIA--NOMBRE CORPORATIVO
Nombre corporativo o de jurisdicción Santo Domingo, (República Dominicana).
Unidad subordinada Cabildo Municipal
Subdivisión de forma Registros y correspondencia.
651 #4 - ENCABEZAMIENTO DE MATERIA--NOMBRE GEOGRÁFICO
Nombre geográfico República Dominicana
Subdivisión temática general Historia
Subdivisión cronológica Periódo colonial,1547-1575
Subdivisión de forma Fuentes
651 #4 - ENCABEZAMIENTO DE MATERIA--NOMBRE GEOGRÁFICO
Nombre geográfico Santo Domingo (República Dominicana)
Subdivisión temática general Política y gobierno.
Subdivisión de forma Fuentes.
700 1# - ASIENTO SECUNDARIO -- NOMBRE PERSONAL
Nombre personal Rodríguez Morel, Genaro
Mención de responsabilidad comp.
710 2# - ASIENTO SECUNDARIO -- NOMBRE CORPORATIVO
Nombre corporativo o de jurisdicción Archivo General de la Nación (República Dominicana)
710 2# - ASIENTO SECUNDARIO -- NOMBRE CORPORATIVO
Nombre corporativo o de jurisdicción Academia Dominicana de la Historia
710 2# - ASIENTO SECUNDARIO -- NOMBRE CORPORATIVO
Nombre corporativo o de jurisdicción Santo Domingo (República Dominicana ).
Unidad subordinada Cabildo Municipal
830 #0 - ASIENTO SECUNDARIO DE SERIE--TÍTULO UNIFORME
Título uniforme Publicaciones del Archivo General de la Nación (República Dominicana)
Volume number/sequential designation v 34.
910 ## - VALIDACIÓN
Validación VMateo V.
942 ## - ADDED ENTRY ELEMENTS (KOHA)
Source of classification or shelving scheme Dewey Decimal Classification
Koha item type Libros
Existencias
Withdrawn status Lost status Source of classification or shelving scheme Damaged status Not for loan Collection code Home library Current library Date acquired Source of acquisition Total Checkouts Full call number Barcode Date last seen Price effective from Koha item type Copy number
    Dewey Decimal Classification     Colección Dominicana Biblioteca Pública Metropolitana Salomé Ureña Biblioteca Pública Metropolitana Salomé Ureña 09/16/2022 Archivo General de la Nación   BPMSU CD 972.9302 C322c 2007 BPMSU22090023 09/16/2022 09/16/2022 Libros  
    Dewey Decimal Classification     Colección Dominicana Biblioteca Pública Metropolitana Salomé Ureña Biblioteca Pública Metropolitana Salomé Ureña 09/16/2022 Archivo General de la Nación   BPMSU CD 972.9302 C322c 2007 BPMSU22090024 09/16/2022   Libros e.2
    Dewey Decimal Classification     Colección Dominicana Biblioteca Pública Metropolitana Salomé Ureña Biblioteca Pública Metropolitana Salomé Ureña 09/16/2022 Archivo General de la Nación   BPMSU CD 972.9302 C322c 2007 BPMSU25030115 03/31/2025   Libros e.3